000 00463cam a2200205 4500
001 D1315
008 090401t1954 xxu||||| |||| 00| 0 eng d
035 _a(Sirsi) u63422
041 _aeng
050 _a380.1
100 _aBateman, J.
245 _aBATEMAN`S Law of Auctions
250 _a11th
260 _aLondon
_bEstates Gazette
_c1954
300 _alxxix. 593p. 21cm
350 _a0
700 _aNapley, David
942 _n0
948 _c04/03/1997
999 _c94558
_d94558